|
|
|
|
| LEADER |
00000cam a2200000 a 4500 |
| 001 |
68545 |
| 003 |
Ucuenca |
| 005 |
20230308161532.0 |
| 008 |
000051|1995 sp |||||r|||||||||||spa|| |
| 020 |
|
|
|a 8478691898
|
| 040 |
|
|
|b spa
|
| 041 |
0 |
|
|a spa
|
| 082 |
0 |
|
|a 372.21
|
| 100 |
1 |
|
|a Aguado, Gerardo.
|9 27031
|
| 245 |
|
3 |
|a El desarrollo del lenguaje de 0 a 3 años:
|c Gerardo Aguado
|h imp
|b bases para un diseño curricular en la educación infantil
|
| 264 |
|
|
|a Madrid
|b Ciencias de la Educación Preescolar y Especial
|c 1995
|
| 300 |
|
|
|a 301 páginas:
|c 24 cm
|
| 500 |
|
|
|a PDF, contiene índice e introducción
|
| 504 |
|
|
|a incl. ref.
|
| 650 |
1 |
0 |
|a Educación preescolar
|9 2212
|
| 650 |
1 |
0 |
|a Educación infantil
|9 2213
|
| 650 |
1 |
|
|a Lenguaje preescolar
|9 27032
|
| 852 |
|
|
|a UC-CDJBV
|f Compra
|l 1
|m General
|p 20000517
|q 793750,00
|r 2
|t 68545
|b 0
|d CDRC
|e CDRC
|g 372.21 PRIMER PISO
|u http://nas.ucuenca.edu.ec/BibliotecaDigital/ebooks/librosyrev/68545.pdf
|z 2000-00-51
|
| 856 |
|
|
|u http://nas.ucuenca.edu.ec/BibliotecaDigital/ebooks/librosyrev/68545.pdf
|
| 942 |
|
|
|c BK
|0 3
|
| 999 |
|
|
|c 14847
|d 14847
|